000 00847 a2200205 4500
999 _c1758
_d1758
020 _a1573560502 (alk. paper)
050 0 0 _aHF54.5
100 1 _aPagell, Ruth A.
_dauthor
245 1 0 _aInternational business information :
_bhow to find it, how to use it /
_cby Ruth A. Pagell and Michael Halperin.
250 _a2nd ed.
264 _aCanada:
_bOryx Press,
_c1998
300 _axvii, 445 p. :
_bill. ;
500 _aIncludes bibliographical references and index.
504 _aIncludes bibliographical references and index.
650 0 _aBusiness information services
_xHandbooks, manuals, etc.
650 0 _aBusiness
_xBibliography
_xHandbooks, manuals, etc.
700 1 _aHalperin, Michael,
_d1940-
_eco-author
942 _2lcc
_cBK
_e2nd.
_h54.5
_iPAL
_kHF